[Event "Aragon-chT Preferente Gr I "]
[Site "Aragon"]
[Date "2018.02.10"]
[Round "3.51"]
[White "Rodriguez Aranda, Kevin"]
[Black "Martin Pastor, Ivan"]
[Result "1-0"]
[WhiteElo "1734"]
[BlackElo "1787"]
[PlyCount "103"]
[EventDate "2018.01.27"]
[EventType "team-tourn"]
[EventRounds "9"]
[EventCountry "ESP"]
[SourceTitle "EXT 2019"]
[Source "ChessBase"]
[SourceDate "2018.10.10"]
[SourceVersion "1"]
[SourceVersionDate "2018.10.10"]
[SourceQuality "1"]
[WhiteTeam "Monzon II"]
[BlackTeam "Agrupacion III"]
[WhiteTeamCountry "ESP"]
[BlackTeamCountry "ESP"]

1. e4 e5 2. Nf3 d6 3. Bc4 c6 4. Nc3 Be7 5. d4 Nd7 6. 0-0 h6 7. dxe5 dxe5 8. Qe2 Ngf6 9. Rd1 Qc7 10. Nh4 b5 11. Bb3 Nc5 12. Be3 Nxb3 13. cxb3 b4 14. Na4 Nxe4 15. Bxa7 Nf6 16. Bb6 Qb8 17. Qc4 Rxa4 18. Qxc6+ Bd7 19. Rxd7 Nxd7 20. Rd1 0-0 21. Qxa4 Qxb6 22. Nf5 Bc5 23. Qxd7 Bxf2+ 24. Kh1 e4 25. Rd6 Qc5 26. Rc6 Qe5 27. Ne7+ Kh8 28. Rc8 Qxe7 29. Qxe7 Rxc8 30. g3 e3 31. Qe4 f5 32. Qd3 Rc1+ 33. Kg2 Ra1 34. a3 bxa3 35. bxa3 Ra2 36. Qc3 Rd2 37. a4 f4 38. gxf4 Bh4+ 39. Kf3 Rxh2 40. Qc8+ Kh7 41. Qc2+ g6 42. Qc7+ Kg8 43. Qc8+ Kf7 44. Qc4+ Kg7 45. Qd4+ Kf7 46. Qd5+ Kg7 47. Qd7+ Kf6 48. Kxe3 g5 49. Qd6+ Kf7 50. f5 Rh3+ 51. Ke2 g4 52. Qg6+ 1-0

[Event "Aragon-chT Preferente Gr I "]
[Site "Aragon"]
[Date "2018.01.27"]
[Round "1.46"]
[White "Martin Pastor, Ivan"]
[Black "Gutierrez Mingueza, Ruben"]
[Result "0-1"]
[WhiteElo "1787"]
[BlackElo "2080"]
[PlyCount "81"]
[EventDate "2018.01.27"]
[EventType "team-tourn"]
[EventRounds "9"]
[EventCountry "ESP"]
[SourceTitle "EXT 2019"]
[Source "ChessBase"]
[SourceDate "2018.10.10"]
[SourceVersion "1"]
[SourceVersionDate "2018.10.10"]
[SourceQuality "1"]
[WhiteTeam "Agrupacion III"]
[BlackTeam "San Jose"]
[WhiteTeamCountry "ESP"]
[BlackTeamCountry "ESP"]

1. d4 d5 2. Nf3 Nf6 3. Bf4 e6 4. e3 Bd6 5. Ne5 0-0 6. Bd3 c5 7. c3 Nc6 8. Bg3 Qc7 9. f4 b6 10. Nd2 Bb7 11. Bh4 Ne8 12. Qh5 f5 13. Rg1 Nf6 14. Qf3 Ne4 15. g4 Nxe5 16. fxe5 Be7 17. Bg3 Rae8 18. Bf4 Bh4+ 19. Ke2 Bd8 20. gxf5 Rxf5 21. Nxe4 dxe4 22. Bxe4 Bxe4 23. Qxe4 cxd4 24. exd4 Qf7 25. Bg3 Rf8 26. Qg4 Bg5 27. a4 Bh6 28. h4 Qc7 29. Qe4 Qc4+ 30. Kd1 Rf3 31. Kc2 Re3 32. Qg4 Re2+ 33. Kb1 Qd3+ 34. Ka2 Qc4+ 35. Ka3 Re3 36. Rac1 a6 37. b3 Qc6 38. Rge1 Rff3 39. d5 Qc5+ 40. Ka2 exd5 41. Red1 0-1

[Event "Zaragoza Province-ch Primera"]
[Site "Zaragoza"]
[Date "2015.10.25"]
[Round "4"]
[White "Garcia Estruch, Jorge"]
[Black "Martin Pastor, Ivan"]
[Result "1-0"]
[WhiteElo "1847"]
[BlackElo "1743"]
[PlyCount "105"]
[EventDate "2015.09.27"]
[EventType "swiss"]
[EventRounds "6"]
[EventCountry "ESP"]
[SourceTitle "CBM 170 Extra"]
[Source "ChessBase"]
[SourceDate "2016.02.25"]
[SourceVersion "1"]
[SourceVersionDate "2016.02.25"]
[SourceQuality "1"]

1. e4 Nf6 2. e5 Nd5 3. d4 d6 4. c4 Nb6 5. f4 dxe5 6. fxe5 Nc6 7. Nf3 Bg4 8. Be3 e6 9. Be2 Qd7 10. 0-0 Rd8 11. Nbd2 Be7 12. Rc1 0-0 13. Nb3 f6 14. exf6 Bxf6 15. Nc5 Qc8 16. Qe1 Rfe8 17. b3 Nd7 18. Ne4 Bxf3 19. Nxf6+ Nxf6 20. Bxf3 Nxd4 21. Bd1 h6 22. Bxh6 Nf5 23. Bg5 Rf8 24. g4 Ne7 25. Bc2 Nc6 26. Qh4 Qd7 27. Rcd1 Qe7 28. Bh7+ Kh8 29. Bg6+ Kg8 30. Rde1 e5 31. Bh7+ Kh8 32. Be4+ Kg8 33. Bd5+ Rxd5 34. cxd5 Qc5+ 35. Be3 Qxd5 36. g5 Ne8 37. Rxf8+ Kxf8 38. Qh8+ Ke7 39. Rf1 Qe4 40. Bc5+ Kd7 41. Qh3+ Kd8 42. Rd1+ Nd4 43. Qg2 Qe3+ 44. Kh1 Nd6 45. Bxd6 cxd6 46. Qxb7 Qxg5 47. Rf1 Nf5 48. Qb8+ Ke7 49. Qc7+ Ke6 50. Qc8+ Kf6 51. Qd8+ Kg6 52. Rg1 Qxg1+ 53. Kxg1 1-0

[Event "Zaragoza Province-ch Primera"]
[Site "Zaragoza"]
[Date "2015.10.04"]
[Round "2"]
[White "Vallejo Blasco, Marta"]
[Black "Martin Pastor, Ivan"]
[Result "1/2-1/2"]
[WhiteElo "1471"]
[BlackElo "1743"]
[PlyCount "53"]
[EventDate "2015.09.27"]
[EventType "swiss"]
[EventRounds "6"]
[EventCountry "ESP"]
[SourceTitle "CBM 170 Extra"]
[Source "ChessBase"]
[SourceDate "2016.02.25"]
[SourceVersion "1"]
[SourceVersionDate "2016.02.25"]
[SourceQuality "1"]

1. b3 e5 2. Bb2 Nc6 3. e3 d5 4. Bb5 Bd6 5. Ne2 Nge7 6. a3 0-0 7. 0-0 a6 8. Bxc6 bxc6 9. f4 e4 10. Ng3 g6 11. Qe1 Nf5 12. Nxf5 Bxf5 13. Nc3 Be7 14. Ne2 Bf6 15. Bxf6 Qxf6 16. Qc1 a5 17. b4 Rfb8 18. c3 Bc8 19. Nd4 Ba6 20. Re1 a4 21. Qd1 h5 22. Qxa4 Bb5 23. Qd1 Bd3 24. a4 Ra6 25. a5 Qh4 26. Qa4 Kh7 27. Rec1 1/2-1/2